<?xml version="1.0" encoding="UTF-8"?>
<record
    xmlns:xsi="http://www.w3.org/2001/XMLSchema-instance"
    xsi:schemaLocation="http://www.loc.gov/MARC21/slim http://www.loc.gov/standards/marcxml/schema/MARC21slim.xsd"
    xmlns="http://www.loc.gov/MARC21/slim">

  <leader>00444nam a22001697a 4500</leader>
  <controlfield tag="003">OSt</controlfield>
  <controlfield tag="005">20260406145142.0</controlfield>
  <controlfield tag="008">260406b        |||||||| |||| 00| 0 eng d</controlfield>
  <datafield tag="020" ind1=" " ind2=" ">
    <subfield code="a">9780143062226</subfield>
  </datafield>
  <datafield tag="040" ind1=" " ind2=" ">
    <subfield code="c">Donated</subfield>
  </datafield>
  <datafield tag="082" ind1=" " ind2=" ">
    <subfield code="2">1st</subfield>
    <subfield code="a">658/Mur</subfield>
    <subfield code="b">SBPIMD293</subfield>
  </datafield>
  <datafield tag="100" ind1=" " ind2=" ">
    <subfield code="a">Murthy,Sudha</subfield>
  </datafield>
  <datafield tag="245" ind1=" " ind2=" ">
    <subfield code="a">Wise &amp; Otherwise</subfield>
    <subfield code="b">A Salute to Life</subfield>
    <subfield code="h">English</subfield>
  </datafield>
  <datafield tag="260" ind1=" " ind2=" ">
    <subfield code="a">Delhi</subfield>
    <subfield code="b">Penguin Books</subfield>
    <subfield code="c">2006</subfield>
  </datafield>
  <datafield tag="300" ind1=" " ind2=" ">
    <subfield code="a">220</subfield>
  </datafield>
  <datafield tag="942" ind1=" " ind2=" ">
    <subfield code="2">ddc</subfield>
    <subfield code="c">DBK</subfield>
    <subfield code="e">1st</subfield>
    <subfield code="k">658</subfield>
    <subfield code="m">Mur</subfield>
    <subfield code="n">0</subfield>
  </datafield>
  <datafield tag="999" ind1=" " ind2=" ">
    <subfield code="c">203462</subfield>
    <subfield code="d">203462</subfield>
  </datafield>
  <datafield tag="952" ind1=" " ind2=" ">
    <subfield code="r">2026-04-06 14:55:56</subfield>
    <subfield code="l">0</subfield>
    <subfield code="o">658/Mur</subfield>
    <subfield code="p">SBPIMD293</subfield>
    <subfield code="v">150.00</subfield>
    <subfield code="w">2026-04-06</subfield>
    <subfield code="y">DBK</subfield>
    <subfield code="z">Management</subfield>
    <subfield code="1">0</subfield>
    <subfield code="2">ddc</subfield>
    <subfield code="4">0</subfield>
    <subfield code="7">0</subfield>
    <subfield code="0">0</subfield>
    <subfield code="a">SBPIM</subfield>
    <subfield code="b">SBPIM</subfield>
    <subfield code="c">GEN</subfield>
    <subfield code="d">2026-04-06</subfield>
    <subfield code="g">150.00</subfield>
    <subfield code="N">150</subfield>
    <subfield code="L">ENGLISH</subfield>
  </datafield>
</record>
